| 000 | 00634pam a2200193 a 4500 | ||
|---|---|---|---|
| 020 | _a0899085741 (alk. paper) : | ||
| 040 | _cDLC | ||
| 082 | 0 | 0 | _a363 GRE 1992 A078 Or. |
| 100 | 1 | _aAnderson, Bob, | |
| 245 | 1 | 0 |
_aPollution : _bexamining cause and effect relationships / |
| 260 |
_aSan Diego, CA : _bGreenhaven Press, _cc1992. |
||
| 300 |
_a36 p. : _bill. (some col.) ; _c29 cm. |
||
| 520 | _aPresents opposing viewpoints on pollution and its effects on the atmosphere, water, and people of the planet. | ||
| 650 | 0 | _aPollution | |
| 650 | 1 | _aPollution. | |
| 650 | 1 | _aCritical thinking. | |
| 700 | 1 | _aBuggey, JoAnne. | |
| 942 | _cEK | ||
| 999 |
_c15845 _d15845 |
||